[Event "IECC CL8-2001.05"]
[Site "IECC email"]
[Date "2001.03.19"]
[Round "?"]
[White "Bonigala, Mallesh"]
[Black "Worthington, Craig"]
[Result "1-0"]
[WhiteElo "1000"]
[BlackElo "1000"]
[PlyCount "39"]
[EventDate "2001.??.??"]
[EventType "tourn (corr)"]
[EventRounds "4"]
[SourceTitle "Corr 2008"]
[Source "ChessBase"]
[SourceDate "2008.06.24"]
[SourceVersion "1"]
[SourceVersionDate "2008.06.24"]
[SourceQuality "1"]

1. e4 h5 2. Be2 e5 3. Bxh5 g6 4. Bf3 Bc5 5. Nc3 Qh4 6. g3 Qf6 7. Nd5 Qd6 8. Ne2 b6 9. d4 Bxd4 10. Nxd4 Qc5 11. b4 Qd6 12. Nb5 Qc6 13. Nbxc7+ Kd8 14. b5 Qc5 15. Be3 Qf8 16. Nxa8 g5 17. Naxb6 g4 18. Qd3 f5 19. Qc4 fxe4 20. Qxc8# 1-0

[Event "IECC CL8-2001.05"]
[Site "IECC email"]
[Date "2001.03.19"]
[Round "?"]
[White "Worthington, Craig"]
[Black "Meyer, Jean Baptiste"]
[Result "0-1"]
[WhiteElo "953"]
[BlackElo "1000"]
[PlyCount "32"]
[EventDate "2001.??.??"]
[EventType "tourn (corr)"]
[EventRounds "4"]
[SourceTitle "Corr 2008"]
[Source "ChessBase"]
[SourceDate "2008.06.24"]
[SourceVersion "1"]
[SourceVersionDate "2008.06.24"]
[SourceQuality "1"]

1. e4 c6 2. h4 d5 3. Rh3 Bxh3 4. gxh3 dxe4 5. Nc3 Nf6 6. Nxe4 Nxe4 7. Qf3 Nf6 8. d4 Nbd7 9. d5 Nxd5 10. Bc4 N7b6 11. Bd3 e6 12. Bh6 gxh6 13. Rd1 Qxh4 14. Qg3 Qxg3 15. fxg3 0-0-0 16. c4 Nb4 0-1